El ABC de las facultades y funciones legales y estatutarias de los r̤ganos de la copropiedad

Detalles Bibliográficos
Autor principal: Ramr̕ez C., Martha Elena
Formato: eBook
Lenguaje:español
Publicado: Bogot:̀ Ediciones de la U, 2018
Materias:
Acceso en línea:Acceso restringido

MARC

LEADER 00000nam a22000007a 4500
005 20181217121551.0
007 cr|||| ||||
008 181217s2018 co |||||s|||| 00||0 spa d
020 |a 978-958-762-503-5 
035 |a 22503 
040 |a vLex 
090 |c 8338  |d 8338 
100 1 |a Ramr̕ez C., Martha Elena 
245 1 2 |a El ABC de las facultades y funciones legales y estatutarias de los r̤ganos de la copropiedad  |h [Recurso electrn̤ico] /  |c Martha Elena Ramr̕ez C. 
256 |a Servicio en ln̕ea 
260 |a Bogot:̀  |b Ediciones de la U,  |c 2018 
300 |a 1 recurso electrn̤ico 
506 1 |a Disponible solo en los productos indicados  |d vLex Global  |d vLex Global (Academic Edition, excluding Law Schools)  |d vLex Global (U.S. Academic Edition, Law Schools)  |d vLex Global (U.S. Academic Edition, excluding Law Schools)  |d vLex Global (Academic Edition, Law Schools) 
650 0 4 |a Derecho Civil  |z Colombia 
740 0 |a vLex Libros (Servicio en ln̕ea) 
856 4 0 |u http://vlex.com/source/abc-facultades-funciones-legales-estatutarias-organos-copropiedad-22503  |z Acceso restringido 
942 |c BOOK 
999 0 |a Civil Law